000 00930 a2200217 4500
999 _c7248
_d7248
005 20181122152615.0
010 _aHIN-80892, B-246227
020 _c525.00
_a8186098984
035 _aHN-53238
035 _aB-246201, B-246227
037 _bD.B.Act / pub
082 _a613.71
100 _aगहलोत, सुशीला
245 _aएरोबिक्स टुडे
_cसुशीला गहलोत
246 _aAerobics Today
_bby Sushila Gehlot
260 _aजयपुर
_bपॉपुलर बुक डिपो
_c2007
270 _aजी-15, धामाणी स्ट्रीट, चौड़ा रास्ता
_bजयपुर
_k0141-2325965
_mpubjpr@rediffmail.com
300 _a156पृ
_c24सेमी (सजिल्द)
_bरंगीन फोटो
942 _adpl
_cHN
_k613.71/ गहलो
_2ddc
_h613.71
_mगहलो